Movies Quiz

Random Movies or Clickable Quiz

Richard Gere Needs a Job Quiz Stats

 Plays Quiz not verified by Sporcle

Challenge
Share
Tweet
Embed
Score 0/25 Timer 08:00
0 Plays Today
% Correct
Male Escort
94.8%
U.S. Navy Aviation Officer Candidate
93.6%
Swordsman
72.5%
Doctor (Gynecologist)
71.4%
Police Officer
69.7%
Lawyer
62.1%
Lawyer
59.5%
Businessman
56.1%
Police Officer
53.8%
Police Officer
49.1%
Businessman
47.4%
Writer (Newspaper Columnist)
43.6%
Doctor (Psychiatrist)
43.6%
% Correct
Steel Mill Laborer
37%
Lawyer
36.1%
Hedge Fund Manager
35.3%
Writer (Newspaper Columnist)
31.5%
Retired CIA Agent
28.6%
Doctor (Surgeon)
26.9%
Publishing Tycoon
26.9%
Architect
25.7%
Restaurateur
25.4%
Writer (Journalist)
25.1%
Writer (Novelist)
22%
Religious Studies Professor
21.1%

You're not logged in!

Compare scores with friends on all Sporcle quizzes.
Join for Free
OR
Log In

You Might Also Like...

Show Comments

Extras

Top Quizzes Today


Score Distribution

Your Account Isn't Verified!

In order to create a playlist on Sporcle, you need to verify the email address you used during registration. Go to your Sporcle Settings to finish the process.

Report this User

Report this user for behavior that violates our Community Guidelines.

Details: